000 00458nam a2200181 a 4500
001 4349
003 CO-ViMGA
008 141112s2004 ck r 000 u spa d
040 _aCO-ViMGA
_bspa
_cCO-ViMGA
082 0 4 _a863.64 A135a
100 1 _aAbella, Jose Antonio
_955006
245 1 0 _aLa esfera de humo
260 _aBarcelona :
_bEl arca,
_c1995
300 _a134 p
490 _aEl arca abierta, 2
650 1 4 _aNOVELA ESPAÑOLA
_9488
942 _2ddc
_cBK
999 _c16361
_d16361